Statistics for Landmarks of New Zealand

Click here to take the quiz!

General Stats

  • This quiz has been taken 255 times
    (253 since last reset)
  • The average score is 9 of 36

Answer Stats

HintAnswer% Correct
SkytowerAuckland
99%
BeehiveWellington
96%
Cardboard CathedralChristchurch
76%
Larnoch CastleDunedin
71%
Big L&P BottlePaeroa
57%
Big CarrotOhakune
43%
Big GumbootTaihape
39%
Pania of the Reef StatueNapier
38%
Wind WandNew Plymouth
34%
Big KiwifruitTe Puke
33%
BIg BullBulls
29%
Big Brown TroutGore
24%
Mormon TempleHamilton
23%
Big CrayfishKaikoura
23%
Statue of Young NickGisborne
20%
BIg FruitCromwell
20%
Big PrawnTaupo
20%
Big DonutSpringfield
16%
Big SalmonRakaia
15%
Hairy Maclary & Friends StatuesTauranga
13%
BIg Sheep ShearerTe Kuiti
11%
Big Sheep and SheepdogTirau
11%
Moa StatueQueenstown
10%
Tuatara StatueInvercargill
10%
Big KiwiOtorohanga
10%
Clock TowerPalmerston North
9%
Sheepdog StatueLake Tekapo
9%
The Lady on the Rock StatueWhakatane
8%
Waka 'n' Wave SculptureWhangarei
7%
Window Etching of Jesus in Maori Cloak walking on waterRotorua
7%
Big SausageTuatapere
4%
Big PauaRiverton
4%
Big Cow and CalfMatamata
3%
Big SandflyPukekura
3%
Big Surfer Riding a WaveColac Bay
2%
Big LoafManaia
2%

Score Distribution

Percentile by Number Answered

Percent of People with Each Score

Your Score History

You have not taken this quiz since the last reset